01419nam a22003497a 4500003000500000005001700005008004100022010001000063011001000073035001000083040000900093090001000102100003500112245018600147260003900333300002200372502013400394590003700528590004100565590004100606590004100647590004100688590004200729650003600771650003300807650003100840901000700871942001000878949003600888999001700924952012800941CHAP20220329140621.0971013s1977 r 00010 d a54813 a55785 a59938 cCHAP aTesis00aTurenne Coissy, Henry.9115600 aSelección de material germoplásmico de maíz (Zea Mays L.) al tizón de la hoja mediante el uso de la patotoxina del agente causal : Helminthosporium maydis Nisikado y Miyaque aMonterrey, N.L. :bEl autor,c1977 a38 h.b: gráfs. aTesis (M. en C. Esp. en Parasitología Agrícola) -- ITESM. Div. de Ciencias Agropecuarias y Marítimas. Programa de Graduados aALEPHb10c20130110lUCH01h1332 aBATCH-UPDb10c20130110lUCH01h0300 aBATCH-UPDb10c20130110lUCH01h1720 aBATCH-UPDb10c20130409lUCH01h2331 aBATCH-UPDb10c20130914lUCH01h1737 aCONVERSIONb10c20130109lUCH01h133014aHelminthosporium maydis.95346714aMaízxEnfermedades.97093914aMaízxGenética.970963 aBK cTESIS bBCcTESd-129417eTS1i59938si c54813d54813 00102local4051718TESISaBCbBCcPA_TESISd2012-12-17fTESISl0oTesisp-129417r2019-12-31 00:00:00w2019-12-31yTESIS